000 00449nam a2200157 i 4500
001 39835
003 ES-MaACL
005 20230906160105.0
007 t|
008 030304s1928 sp ||||1| spa d
100 1 _aCantó, Antonio.
_934666
245 1 3 _aEl turismo en la provincia de Madrid /
_cpor Antonio Cantó.
260 _aMadrid :
_b[s.n.,
_c1928] (
_fImp. Alpha)
300 _a383 p., lám. ;
_c19 cm.
852 _aES-MaACL
_jA-4907
_bR.16892
999 _c39835
_d39835